| 000 | 00435nam a2200181 a 4500 | ||
|---|---|---|---|
| 001 | 1692 | ||
| 003 | CDMR | ||
| 005 | 20131029163611.0 | ||
| 008 | 130130s1965||||||||||||||||||||||||||||d | ||
| 040 |
_aCDMR _bcat _cCDMR |
||
| 100 | 1 |
_aGrin, Micha _91259 |
|
| 245 | 1 | 0 |
_aInitiation au reportage _cMicha Grin |
| 260 |
_aParis _c1965 _bDunod |
||
| 300 |
_a158 p. _bil. |
||
| 490 | 0 |
_aDunod _v20 |
|
| 650 | 0 | 4 |
_93352 _aReportatges |
| 942 |
_cMON _2udc |
||
| 999 |
_c1692 _d1692 |
||